Ôn tập toán 12 : Cơ bản và nâng cao

Nội dung tài liệu bao gồm câu hỏi ôn lý thuyết, một số bài giải mẫu, bài tập và đề kiểm tra của môn toán lớp 12.

Wedi'i Gadw mewn:
Manylion Llyfryddiaeth
Prif Awdur: Trần, Phương Dung
Fformat: Llyfr
Iaith:Undetermined
Cyhoeddwyd: Hà Nội Giáo dục Việt Nam 2010
Pynciau:
Tagiau: Ychwanegu Tag
Dim Tagiau, Byddwch y cyntaf i dagio'r cofnod hwn!
Thư viện lưu trữ: Trung tâm Học liệu Trường Đại học Cần Thơ
LEADER 00870nam a2200229Ia 4500
001 CTU_191489
008 210402s9999 xx 000 0 und d
020 |c 37500 
082 |a 510.712 
082 |b D513/T.2 
100 |a Trần, Phương Dung 
245 0 |a Ôn tập toán 12 : 
245 0 |b Cơ bản và nâng cao 
245 0 |c Trần Phương Dung chủ biên 
260 |a Hà Nội 
260 |b Giáo dục Việt Nam 
260 |c 2010 
520 |a Nội dung tài liệu bao gồm câu hỏi ôn lý thuyết, một số bài giải mẫu, bài tập và đề kiểm tra của môn toán lớp 12. 
650 |a Mathematics,Toán học 
650 |x Study and teaching (Secondary),Dạy và học (trung học) 
904 |i Bằng 
980 |a Trung tâm Học liệu Trường Đại học Cần Thơ